000 00390nam a2200145Ia 4500
008 151213s9999 xx 000 0 und d
100 _aEdotedd by John Strachan
245 _aThe poems of John Keats
_cEdotedd by John Strachan
260 _aLondon
_bRourttedge
_c2002
300 _a2199 p.
650 _aEnglish
650 _aEnglish
700 _aEdotedd by John Strachan
999 _c1604
_d1604